000
00203nam a22000857a 4500
001
1235167
005
20250930105721.0
245
_a
İŞ VE PARA
_c
BRIGITTE LABBE
260
_b
GÜNIŞIĞI KİTAPLIĞI YAYINLARI
999
_c
1235167
_d
1235167